Los elementos del cosmos: (Record no. 160215)

MARC details
000 -LEADER
fixed length control field 00980nam a2200241 4500
005 - DATE AND TIME OF LATEST TRANSACTION
control field 20220208104711.0
008 - FIXED-LENGTH DATA ELEMENTS--GENERAL INFORMATION
fixed length control field 220208b mx ||||| |||| 00| 0 spa d
020 ## - INTERNATIONAL STANDARD BOOK NUMBER
International Standard Book Number 9786070305504 ( siglo XXI editores)
020 ## - INTERNATIONAL STANDARD BOOK NUMBER
International Standard Book Number 9786070259029 (Facultad de Ciencias)
050 04 - LIBRARY OF CONGRESS CALL NUMBER
Classification number F1219.3.A85
Item number E44 2014
245 14 - TITLE STATEMENT
Title Los elementos del cosmos:
Remainder of title el conocimiento mesoamericano II
Statement of responsibility, etc / coordinador de la serie, César Carrillo Trueba, Alfredo, López Austin.
250 ## - EDITION STATEMENT
Edition statement 1a ed.
260 ## - PUBLICATION, DISTRIBUTION, ETC. (IMPRINT)
Place of publication, distribution, etc México, DF :
Name of publisher, distributor, etc Siglo Veintiuno, XXI, Editores,
-- UNAM,
Date of publication, distribution, etc 2014.
300 ## - PHYSICAL DESCRIPTION
Extent 252 p. :
Other physical details il. ;
Dimensions 21 cm.
440 ## - SERIES STATEMENT/ADDED ENTRY--TITLE
Title Antologías de la revista Ciencia ;
Volume number/sequential designation 4
650 #7 - SUBJECT ADDED ENTRY--TOPICAL TERM
Source of heading or term Lemb
Topical term or geographic name as entry element Astronomía india
Geographic subdivision México
650 #7 - SUBJECT ADDED ENTRY--TOPICAL TERM
Source of heading or term Lemb
Topical term or geographic name as entry element Astronomía india
Geographic subdivision América Central
650 #7 - SUBJECT ADDED ENTRY--TOPICAL TERM
Source of heading or term Lemb
Topical term or geographic name as entry element Indios de México
Geographic subdivision Etnobotánica
650 #7 - SUBJECT ADDED ENTRY--TOPICAL TERM
Source of heading or term Lemb
Topical term or geographic name as entry element Cosmología india
700 1# - ADDED ENTRY--PERSONAL NAME
Personal name Carrillo Trueba, César,
Relator term coord.
700 1# - ADDED ENTRY--PERSONAL NAME
Personal name López Austin, Alfredo,
Relator term coord.
942 ## - ADDED ENTRY ELEMENTS (KOHA)
Source of classification or shelving scheme Biblioteca del Cogreso de los Estados Unidos
Koha item type Libro
Holdings
Estado de pérdida Fuente de clasificación Estado del daño No para préstamo Ubicación permanente Ubicación actual Apartado o colección Fecha de adquisición Edición Área del conocimiento Total Checkouts Clasificación Código de Barras Date last seen Número de copia Costo por reposición Tipo de recurso
  Biblioteca del Cogreso de los Estados Unidos     Biblioteca del Instituto de Investigaciones Históricas Biblioteca del Instituto de Investigaciones Históricas General 08/02/2022 1a ed. Educación y Humanidades   F1219.3.A85 E44 2014 IIH000031790 08/02/2022 C:1 1.00 Libro